Baltimore Orioles 2026 Quiz - Statistics

General Stats
  • This quiz has been taken 38 times
  • The average score is 21 of 39
Answer Stats
Answer % Correct
Gunnar Henderson
97%
Adley Rutschman
94%
Jackson Holliday
91%
Samuel Basallo
91%
Colton Cowser
82%
Jordan Westburg
82%
Pete Alonso
82%
Ryan Mountcastle
82%
Jeremiah Jackson
79%
Coby Mayo
73%
Kyle Bradish
73%
Taylor Ward
70%
Trevor Rogers
70%
Yennier Cano
70%
Blaze Alexander
64%
Shane Baz
64%
Dean Kremer
58%
Dylan Beavers
58%
Zach Eflin
58%
Félix Bautista
55%
Heston Kjerstad
55%
Tyler O'Neill
55%
Ryan Helsley
52%
Tyler Wells
52%
Cade Povich
42%
Dietrich Enns
42%
Leody Taveras
42%
Keegan Akin
39%
Rico Garcia
39%
Grant Wolfram
30%
Andrew Kittredge
21%
Brandon Young
21%
Anthony Nunez
18%
Chayce McDermott
18%
Yaramil Hiraldo
18%
Reed Trimble
9%
Cameron Foster
3%
Colin Selby
3%
Jose Espada
3%
No matching quizzes found
Score Distribution
Percent of People with Each Score
Percentile by Number Answered
Your Score History
You have not taken this quiz